000 00280nam a22001217a 4500
008 170831b xxu||||| |||| 00| 0 eng d
041 _aeng
080 _29 ED
_a070
100 _a40
101 _aMED
245 _aTHE MEDIA MASS COMMUNICATION
_cVIVIAN.J
942 _2udc
_cBK
999 _c25697
_d25697